El valor educativo de las manualidades

Salvato in:
Dettagli Bibliografici
Autore principale: Mattil, Edwart L.
Natura: Libro
Lingua:spagnolo
Pubblicazione: Kapelusz. 1973.
Soggetti:
Tags: Aggiungi Tag
Nessun Tag, puoi essere il primo ad aggiungerne!!

MARC

LEADER 00000nam a22000005a 4500
001 3967
003 CL-ChBUA
005 20120815102840.0
008 070301s1973 ag 000 0 spa
040 |a CL-ChBUA  |c CL-ChBUA 
082 0 0 |a 372.5 
090 |c 3967  |d 3967 
100 1 |a Mattil, Edwart L. 
245 1 0 |a El valor educativo de las manualidades 
260 |b Kapelusz.  |c 1973. 
300 |a 267 p.  |c 22 cm. 
504 |a Indice. 
650 4 |a ARTES MANUALES. 
942 |c LIB 
952 |0 0  |1 0  |2 ddc  |4 0  |6 372_500000000000000_M_444__C_1  |7 0  |9 5824  |a UNACH  |b UNACH  |c 300  |d 2007-03-05  |i 15.951  |l 3  |m 3  |o 372.5 / M 444. c.1  |p 6823  |r 2026-03-16 18:01:49  |s 2016-05-18  |u 5824  |w 2012-08-08  |y LIB 
952 |0 0  |1 0  |4 0  |7 0  |9 5825  |a UNACH  |b UNACH  |c 300  |d 2007-03-05  |i 15.951.  |l 0  |o 372.5 / M 444. c.2  |p 6824  |r 2026-03-23 19:36:06  |u 5825  |w 2012-08-08  |y LIB  |k 372.5 / M 444. c.2 
999 |c 3967  |d 3967